Islaahi Kahanian (Record no. 327147)

000 -LEADER
fixed length control field 00330 a2200145 4500
001 - CONTROL NUMBER
control field 92074
082 ## - DEWEY DECIMAL CLASSIFICATION NUMBER
Classification number 297.18 NAQ
090 ## - LOCALLY ASSIGNED LC-TYPE CALL NUMBER (OCLC); LOCAL CALL NUMBER (RLIN)
-- 44034
-- 44033
100 ## - MAIN ENTRY--PERSONAL NAME
Personal name Umm e Danyal Naqqash
245 ## - TITLE STATEMENT
Title Islaahi Kahanian
250 ## - EDITION STATEMENT
Edition statement 1
260 ## - PUBLICATION, DISTRIBUTION, ETC.
Place of publication, distribution, etc. Lahore
Name of publisher, distributor, etc. Zam Zam Publishers
Date of publication, distribution, etc. 2006
300 ## - PHYSICAL DESCRIPTION
Extent 152p.
Other physical details Hb
500 ## - GENERAL NOTE
General note General Book
942 ## - ADDED ENTRY ELEMENTS (KOHA)
Institution code [OBSOLETE] CAE NUST
Call number prefix 297.18 NAQ
Holdings
Withdrawn status Lost status Damaged status Not for loan Collection code Permanent Location Current Location Date acquired Total Checkouts Full call number Barcode Date last seen Price effective from Koha item type
          College of Aeronautical Engineering (CAE) College of Aeronautical Engineering (CAE) 04/03/2017   297.18 NAQ CAE88461 04/05/2017 04/05/2017 Book
© 2023 Central Library, National University of Sciences and Technology. All Rights Reserved.